| 000 | 00401nam a2200145 a 4500 | ||
|---|---|---|---|
| 005 | 20140408090005.0 | ||
| 008 | 021022s19uu xx 00 eng d | ||
| 050 |
_aPGS '96 _bCul #2 |
||
| 050 |
_aPGS '96 _bCul #2 |
||
| 050 |
_aPGS '96 _bCul #2 |
||
| 050 |
_aPGS '96 _bCul #2 |
||
| 100 | _aCulalic, Reuel Vernon E. | ||
| 245 | _aEffects of computer games on the study habits of grade 6. | ||
| 942 | _cPASS | ||
| 999 |
_c96100 _d96100 |
||